Geschichte der Hunnen
保存先:
| 第一著者: | |
|---|---|
| フォーマット: | 図書 |
| 言語: | ドイツ語 |
| 出版事項: |
Berlín
Walter de Gruyter
1959
|
| 主題: | |
| タグ: |
タグ追加
タグなし, このレコードへの初めてのタグを付けませんか!
|
MARC
| LEADER | 00000nam a2200000 a 4500 | ||
|---|---|---|---|
| 001 | UCN9938 | ||
| 003 | CL-VaPUC | ||
| 008 | 011221e19590000GW |||||||||||||||||ger|d | ||
| 082 | 0 | 4 | |a 950.2 |b ALT |2 21 |
| 100 | 0 | |a Altheim, Franz |e author |9 466447 | |
| 245 | 1 | 0 | |a Geschichte der Hunnen |
| 300 | |a v | ||
| 942 | |c BK | ||
| 945 | |d 20011221 00:00:00 |a crobeson | ||
| 260 | |a Berlín |b Walter de Gruyter |c 1959 | ||
| 500 | |a v.1: Von der Anfängen bis zum Einbruch in Europa | ||
| 500 | |a v.2: Die Hephthaliten in Iran | ||
| 500 | |a v.3: Kampf der Religionen | ||
| 500 | |a v.4: Die Europäischen Hunnen | ||
| 500 | |a v.5: Niedergang und Nachfolge | ||
| 650 | 0 | |a Historia de China |9 434737 | |
| 650 | 7 | |a HUNOS |2 CL-VaPUC |9 438847 | |
| 650 | 7 | |a TARTAROS |2 CL-VaPUC |9 466448 | |
| 650 | 7 | |a PUEBLOS BARBAROS |2 CL-VaPUC |9 466449 | |
| 650 | 7 | |a IMPERIO ROMANO - INVASIONES |2 CL-VaPUC |9 466450 | |
| 583 | |a last modification |c 20011221 00:00:00 |k Rodrigo Vera | ||
| 999 | |c 299034 |d 299032 | ||
| 952 | |0 0 |1 0 |4 0 |6 950_200000000000000_ALT_1959 |7 0 |8 A |9 355155 |a BIBHIS |b BIBHIS |d 2019-11-21 |h v.1 |i 3759563 |o 950.2 ALT 1959 |p 3759563 |r 2025-01-20 |w 2019-11-21 |y BK |k HIS | ||
| 952 | |0 0 |1 0 |4 0 |6 950_200000000000000_ALT_1959 |7 0 |8 A |9 355156 |a BIBHIS |b BIBHIS |d 2019-11-21 |h v.2 |i 3759571 |o 950.2 ALT 1959 |p 3759571 |r 2025-01-20 |w 2019-11-21 |y BK |k HIS | ||
| 952 | |0 0 |1 0 |4 0 |6 950_200000000000000_ALT_1959 |7 0 |8 A |9 355157 |a BIBHIS |b BIBHIS |d 2019-11-21 |h v.3 |i 375958K |o 950.2 ALT 1959 |p 375958K |r 2025-01-20 |w 2019-11-21 |y BK |k HIS | ||
| 952 | |0 0 |1 0 |4 0 |6 950_200000000000000_ALT_1959 |7 0 |8 A |9 355158 |a BIBHIS |b BIBHIS |d 2019-11-21 |h v.4 |i 3759598 |o 950.2 ALT 1959 |p 3759598 |r 2025-01-20 |w 2019-11-21 |y BK |k HIS | ||
| 952 | |0 0 |1 0 |4 0 |6 950_200000000000000_ALT_1959 |7 0 |8 A |9 355159 |a BIBHIS |b BIBHIS |d 2019-11-21 |h v.5 |i 3759601 |o 950.2 ALT 1959 |p 3759601 |r 2025-01-20 |w 2019-11-21 |y BK |k HIS | ||